[Event "10th LCC FIDE Open 2018"]
[Site "London"]
[Date "2018.12.10"]
[Round "2"]
[White "Villiers, Thomas"]
[Black "Debashis, Das"]
[Result "0-1"]
[WhiteElo "2205"]
[BlackElo "2544"]
[Annotator "TA"]
[PlyCount "204"]
[EventDate "2018.12.09"]
[EventType "swiss"]
[EventCountry "ENG"]
[SourceTitle "playchess.com"]
[Source "ChessBase"]
[SourceQuality "1"]

{[%evp 18,203,-10,-23,-18,-12,0,0,7,0,0,11,10,0,0,-13,0,0,0,-10,-5,-12,1,-10,-10,-10,-10,-10,-2,0,0,-10,0,0,0,-7,-7,-20,0,-10,0,0,0,0,2,-7,0,-87,-87,-88,-89,-89,-89,-92,-70,-70,-63,-63,-63,-63,-63,-77,-63,-64,-62,-54,-54,-54,-54,-54,-54,-54,-56,-80,-80,-89,-89,-85,-70,-80,-78,-77,-77,-78,-72,-95,-76,-78,-70,-75,-66,-89,-54,-89,-89,-89,-89,-89,-89,-76,0,-37,-44,-66,-52,-89,-77,-83,-85,-89,-43,-43,-43,-89,-89,-100,-99,-100,-89,-100,-89,-404,-393,-550,-550,-548,-548,-537,-530,-769,-758,-588,-520,-502,-395,-518,-510,-506,-500,-533,-466,-465,-431,-602,-593,-29962,-29963,-29963,-29962,-29963,-29964,-29961,-29963,-29957,-29953,-29958,-29960,-29961,-29968,-29966,-29967,-7688,-4389,-29973,-29976,-29976,-29976,-1770,-5933,-29983,-29984,-29992,-29993,-29993,-29994,-29994,-29995,-29996,-29995,-29997,-29998,-29998,-29997,-29997,-29998,-29998,-29999,-29999]} 1. e4 c5 2. Nc3 d6 3. g3 Nc6 4. Bg2 g6 5. d3 Bg7 6. Nge2 e5 7. O-O Nge7 8. Be3 O-O 9. Qd2 Nd4 10. Rab1 {LiveBook: 3 Games. B26: Closed Sicilian: 3 g3, lines with early Be3} (10. f4 Be6 11. Nd5 Bxd5 12. exd5 Nef5 13. Nxd4 Nxe3 14. Qxe3 exf4 15. Qxf4 Bxd4+ 16. Kh1 Bxb2 17. Rab1 Be5 18. Qd2 Qd7 {0-1 (37) Yilmazyerli,M (2459)-Evdokimov,A (2493) Izmir 2017}) 10... Be6 11. Nd5 $146 ({Predecessor:} 11. b4 b6 12. bxc5 bxc5 13. Rb7 Nec6 14. Nd5 Rb8 15. Rfb1 Rxb7 16. Rxb7 Qa8 17. Rb2 Rb8 {½-½ (26) Kuklin,V (2340)-Dinger,F (2366) Germany 2012}) 11... Bxd5 12. exd5 {The position is equal.} Ndf5 13. b4 b6 14. bxc5 bxc5 15. Rb3 Nxe3 16. Qxe3 Qa5 17. Rfb1 Qxa2 18. Qc1 {Black must now prevent Ra3.} Qa5 19. Rb7 Qd8 20. Qa3 Nf5 21. Rxa7 Rxa7 22. Qxa7 Nd4 23. Nxd4 cxd4 24. Rb7 Qc8 25. Rc7 Qb8 26. Qxb8 Rxb8 $11 {[%mdl 4096] Endgame KRB-KRB} 27. h4 Bf8 28. Bf3 Kg7 29. Bg4 Kf6 30. Bd7 Be7 31. Kg2 h5 32. c3 (32. Bc6 $11) 32... Bd8 $17 33. Rc4 dxc3 34. Rxc3 Rb2 35. Ba4 Bb6 36. Rc2 Rb4 37. Rc4 Rb1 $1 38. Rc2 Bc5 39. Kf3 Ke7 40. Kg2 Rb4 41. Rc4 Rb2 42. Rc2 Rb1 43. Kf3 f5 44. Kg2 Kf6 45. Kf3 Rb4 46. Bc6 Rb3 47. Ke2 Rb8 48. Ra2 g5 49. hxg5+ Kxg5 50. Bd7 Rb3 51. Bc8 Rb1 52. Kf3 Rd1 53. Ba6 Rc1 54. Kg2 Bd4 55. Re2 Ra1 56. Bc4 Rb1 57. Ba6 Kg4 58. Rc2 Ra1 (58... h4 $17 {And now ...h3+ would win.} 59. gxh4 Kxh4) 59. Bc8 (59. Rc8 {with more complications.} Kg5 60. Rg8+ Kh6 61. Bb5 Ra2 62. Be8) 59... Kg5 60. Bd7 Bc5 61. Re2 Rb1 62. Bc8 Rb4 63. Ba6 Rd4 64. Bc4 h4 65. gxh4+ Rxh4 66. Ra2 Kf4 67. Bb3 Rh8 68. Ra4+ Bd4 69. Ra6 $2 {[%mdl 8192] [#]} (69. Ra2 $17 {is more resistant.}) 69... Rb8 $1 $19 {[%cal Rb8b3]} 70. Bc4 Rg8+ 71. Kf1 {[#]} Kf3 $1 72. Ke1 Rg6 73. Bb3 Bxf2+ 74. Kd2 Bd4 75. Bd1+ Kf4 76. Be2 Rh6 77. Ra8 Kg3 78. Re8 f4 79. Re6 Be3+ 80. Kc3 f3 81. Bxf3 Kxf3 {KRB-KR} 82. Re8 Bc5 83. Rg8 Rh4 84. Rg6 Rd4 85. Rh6 Rxd5 86. Rh3+ Kg4 87. Rh8 Bd4+ 88. Kd2 Rb5 89. Rg8+ Kf5 90. Rg3 Rb2+ 91. Kc1 Rf2 92. Rh3 Kf4 93. Rh6 Ke3 {Black mates.} 94. Rxd6 Kxd3 {[%cal Rf2f1]} 95. Kb1 Rb2+ 96. Ka1 Rb6+ 97. Rxd4+ exd4 {KR-K} 98. Ka2 Kc3 99. Ka1 d3 {[%cal Bd4d3,Bd3d2][%mdl 32]} 100. Ka2 d2 101. Ka1 Kc2 {[%cal Rb6a6]} 102. Ka2 Ra6# {Accuracy: White = 39%, Black = 74%.} 0-1

[Event "10th LCC FIDE Open 2018"]
[Site "London"]
[Date "2018.12.10"]
[Round "2"]
[White "Dougan Maho, Harold"]
[Black "Hector, Jonny"]
[Result "0-1"]
[WhiteElo "2204"]
[BlackElo "2501"]
[Annotator "TA"]
[PlyCount "54"]
[EventDate "2018.12.09"]
[EventType "swiss"]
[EventCountry "ENG"]
[SourceTitle "playchess.com"]
[Source "ChessBase"]
[SourceQuality "1"]

{[%evp 19,54,-114,-120,-394,-400,-389,-264,-271,-277,-270,-199,-259,-188,-226,-229,-229,-205,-226,-221,-239,-211,-302,-298,-294,-272,-374,-298,-288,-307,-296,-276,-405,-400,-447,-450,-459,-450]} 1. e4 e5 2. Nf3 Nc6 3. d4 exd4 4. Nxd4 Qf6 5. Be3 Bc5 6. c3 Nge7 7. Bc4 O-O 8. O-O b6 9. f4 {C45: Scotch Game} (9. Nc2 Ne5 10. Be2 Bb7 11. f4 N5g6 12. e5 Qe6 13. b4 Bxe3+ 14. Nxe3 Nh4 15. Bg4 f5 16. Be2 Kh8 {0-1 (34) Kasparov,G (2812)-Caruana,F (2795) Saint Louis 2016}) 9... d5 10. e5 {[#]} Qh6 $1 {LiveBook: 6 Games} 11. Qe2 $2 {[%mdl 8192]} (11. Be2 $17) 11... dxc4 $19 12. f5 Nxd4 13. cxd4 {[#]} Bxd4 $1 14. Bxd4 Nxf5 15. Bf2 $146 (15. Bc3 $142) ({Predecessor:} 15. Qxc4 Qh4 16. Rxf5 Bxf5 {0-1 (45) Sunyasakta,S (1737)-Monnisha,G (2288) Dindigul 2015}) 15... Be6 16. Nc3 Rad8 17. Rad1 a6 18. Qe4 Qg5 19. Kh1 Qe7 20. g4 (20. Kg1 {is a better defense.}) 20... Nh4 21. Bg3 Ng6 22. Nd5 Bxd5 23. Rxd5 Rxd5 24. Qxd5 b5 25. h4 (25. Rd1 {was necessary.}) 25... Rd8 26. Qe4 Nxh4 27. Rf2 Ng6 {Accuracy: White = 20%, Black = 52%.} 0-1

[Event "10th LCC FIDE Open 2018"]
[Site "London"]
[Date "2018.12.10"]
[Round "2"]
[White "Ethelontis, Alexandros N"]
[Black "Gormally, Daniel W"]
[Result "0-1"]
[WhiteElo "2187"]
[BlackElo "2478"]
[Annotator "TA"]
[PlyCount "94"]
[EventDate "2018.12.09"]
[EventType "swiss"]
[EventCountry "ENG"]
[SourceTitle "playchess.com"]
[Source "ChessBase"]
[SourceQuality "1"]

{[%evp 23,94,-13,0,-3,0,-52,-45,-37,-33,-66,-60,-87,-76,-91,-62,-92,-14,-12,-9,-8,0,-39,-22,-45,-40,-77,-56,-69,-71,-78,0,-13,63,-80,-55,-47,-73,-56,-37,-70,-34,-68,-17,-9,-8,-23,-23,-31,-27,-27,-26,-26,-25,-184,-171,-467,-400,-468,-440,-440,-427,-538,-535,-568,-566,-558,-557,-550,-550,-609,-603,-708,-687]} 1. c4 e5 2. g3 Nf6 3. Bg2 Nc6 4. Nc3 Bb4 5. Nd5 Bc5 6. Nf3 d6 7. O-O O-O 8. d3 h6 9. a3 a6 {A29: English Opening: Four Knights Variation with 4 g3} (9... Nxd5 10. cxd5 Nd4 11. Nxd4 Bxd4 12. e3 Bb6 13. b4 a5 14. Bb2 axb4 15. axb4 Rxa1 16. Qxa1 Bf5 17. e4 {0-1 (32) Navara,D (2725)-Movsesian,S (2673) Prague 2016}) 10. b4 Ba7 11. Bb2 Nxd5 12. cxd5 Ne7 {LiveBook: 3 Games} 13. Qb3 c6 14. e4 $146 (14. dxc6 $11 Be6 15. Qd1) ({Predecessor:} 14. dxc6) 14... cxd5 $15 15. exd5 Ng6 16. Rac1 f5 17. d4 {[%cal Rd4e5]} e4 18. Nd2 Qf6 19. Rfd1 Re8 (19... b5 $17 20. Kh1 Re8) 20. b5 $1 $11 axb5 21. Qxb5 Rf8 22. Rc7 Qg5 ({Much weaker is} 22... Bxd4 $6 23. Nxe4 Qd8 24. Rdc1 $14) 23. Qb3 Bb8 24. Rcc1 {[#]} Bd7 $1 25. Qxb7 Ra7 26. Qb4 Ba4 (26... Ne7 $17) 27. Re1 Bc7 (27... Qd8 $11) 28. Nc4 (28. Rxc7 $1 $14 {keeps the upper hand.} Rxc7 29. h4) 28... Rb8 $17 {[%mdl 1024] Black has strong compensation.} 29. h4 Qf6 30. Qd2 Ne7 31. Ne3 f4 32. gxf4 Qxf4 ({Black should try} 32... Bd7 $15) 33. Bc3 $11 Ng6 34. Nf1 Qf6 $36 {[%mdl 2048] Black has good play.} 35. Rxe4 Nxh4 36. Qf4 Qxf4 37. Rxf4 Bd8 {Threatens to win with ...Rc7.} 38. Ne3 $2 (38. Re4 $11 {and White stays safe.}) 38... Rc7 {Strongly threatening ...Rb3.} 39. Kh2 $2 (39. Bh3 Bf6 40. Be6+ Kh7 41. Nf5 Nxf5 42. Bxf5+ g6 43. Be6) 39... Bg5 ({Less strong is} 39... Rbc8 40. Bh3 $19) 40. Re4 Nxg2 {Black is clearly winning.} 41. Kxg2 {[#]} Rbc8 $1 42. f4 Bd8 ({Stronger than} 42... Rxc3 43. Rxc3 Rxc3 44. fxg5 $11) 43. Nf5 {intending Re3.} Rxc3 44. Rxc3 Rxc3 45. Nxd6 Rxa3 46. Nb7 Bf6 47. Nc5 Bd1 {Accuracy: White = 31%, Black = 63%.} 0-1

[Event "10th LCC FIDE Open 2018"]
[Site "London"]
[Date "2018.12.10"]
[Round "2"]
[White "Laustsen, Lars"]
[Black "Gumularz, Szymon"]
[Result "0-1"]
[WhiteElo "2186"]
[BlackElo "2462"]
[Annotator "TA"]
[PlyCount "50"]
[EventDate "2018.12.09"]
[EventType "swiss"]
[EventCountry "ENG"]
[SourceTitle "playchess.com"]
[Source "ChessBase"]
[SourceQuality "1"]

{[%evp 23,50,33,41,7,13,2,18,-3,-3,-30,-44,-35,-56,-64,-65,-102,-98,-171,-178,-165,-183,-245,-242,-233,-241,-233,-211,-626,-610]} 1. d4 Nf6 2. c4 e6 3. g3 c5 4. d5 exd5 5. cxd5 d6 6. Nc3 g6 7. Bg2 Bg7 8. Nf3 O-O 9. O-O a6 10. a4 Nbd7 11. Bf4 Qe7 12. Re1 {A63: Modern Benoni: Fianchetto Variation: 9...Nbd7} (12. h3 Rb8 13. Qd3 Re8 14. Rfe1 Nh5 15. Bg5 Bf6 16. Bxf6 Nhxf6 17. e4 Nh5 18. Kh2 f6 19. Nd2 Ne5 20. Qe2 {0-1 (49) Sjugirov,S (2670)-Korobov,A (2708) Sochi 2015}) 12... Ng4 {LiveBook: 10 Games} 13. h3 Nge5 14. Qc1 $146 {The position is equal.} ({Predecessor:} 14. Bg5 Nxf3+ 15. exf3 Qxg5 16. f4 Qd8 17. Qd3 Nf6 18. g4 Re8 19. Bf3 Rxe1+ 20. Rxe1 {0-1 (54) Goroshilov,V (2062)-Mikhailov,A (2266) Moscow 2011}) 14... Rb8 15. Rb1 Re8 16. Rd1 Nxf3+ 17. exf3 Ne5 18. b4 {next bxc5 is good for White.} c4 $1 {[%cal Bc5c4,Bc4c3][%mdl 32]} 19. Qd2 Bf5 20. Ne4 {[#]} (20. Bxe5 $17 Bxe5 21. Rbc1) 20... Nxf3+ $1 $19 {[%mdl 576] Remove Defender} 21. Bxf3 Bxe4 22. Bxe4 (22. Re1 $142 c3 23. Qe3 Bxb1 24. Qxe7 Rxe7 25. Rxe7) 22... c3 ({Don't do} 22... Qxe4 23. Re1) 23. Qd3 {And now Bf3 would win.} Qxe4 24. Qxe4 Rxe4 25. Bxd6 $2 (25. Rdc1) 25... Rd8 0-1

[Event "10th LCC FIDE Open 2018"]
[Site "London"]
[Date "2018.12.10"]
[Round "2"]
[White "Brooks, Phil J"]
[Black "Flear, Glenn C"]
[Result "0-1"]
[WhiteElo "2184"]
[BlackElo "2451"]
[Annotator "TA"]
[PlyCount "152"]
[EventDate "2018.12.09"]
[EventType "swiss"]
[EventCountry "ENG"]
[SourceTitle "playchess.com"]
[Source "ChessBase"]
[SourceQuality "1"]

{[%evp 26,152,25,0,0,-24,-26,-50,-32,-52,-48,-82,-10,-49,-41,-127,-133,-133,-145,-133,-108,-129,-125,-144,-130,-131,-127,-139,-136,-136,-127,-229,-227,-272,-252,-234,-218,-219,-196,-235,-232,-289,-276,-279,-294,-443,-333,-333,-333,-308,-312,-345,-215,-215,-215,-215,-215,-215,-189,-197,0,-213,-83,-79,-83,-143,-84,-180,-135,-145,-129,-132,-125,-160,-160,-160,-160,-165,-183,-208,-137,-232,-241,-270,-252,-367,-367,-359,-358,-435,-433,-925,-431,-470,-323,-342,-331,-895,-711,-1038,-1037,-928,-890,-1544,-1326,-1664,-1422,-2206,-2093,-1806,-1734,-1732,-1237,-2119,-1884,-29963,-29942,-10784,-6099,-29969,-29970,-29982,-29983,-29984,-29985,-29985,-29985,-29987,-29988]} 1. d4 Nf6 2. c4 g6 3. Nc3 d5 4. Bg5 Ne4 5. Bh4 Nxc3 6. bxc3 dxc4 7. e3 Be6 8. Nf3 Bg7 9. Be2 Nd7 {D91: Grünfeld: 4 Nf3 Bg7 5 Bg5} 10. O-O Nb6 11. Qc2 O-O 12. a4 (12. Rfb1 Bd7 13. a4 a5 14. Bg3 Bc6 15. e4 Qd7 16. Rxb6 cxb6 {½-½ (101) Tomashevsky,E (2696)-Vachier Lagrave,M (2795) Moscow 2017}) 12... a5 13. Rfb1 Qd7 14. Nd2 {LiveBook: 7 Games} Bd5 {[#]} 15. Qa2 $146 ({Predecessor:} 15. e4 Bc6 16. Nxc4 Nxc4 17. Bxc4 {½-½ (74) Kovalenko,I (2667)-Salem,A (2608) Warsaw 2016}) 15... Rfe8 16. e4 Bc6 $1 {[%cal Rb6a4]} 17. Bd1 Bh6 $1 18. f3 {[#]} Bxa4 $1 {[%mdl 512]} 19. Nxc4 (19. Bxa4 Qxa4) 19... Bxd1 20. Nxb6 (20. Ne5 $1 $15 Qe6 21. Qxe6 fxe6 22. Rxd1) 20... cxb6 $17 21. Rxd1 Rec8 22. Qb2 Ra6 23. Bf2 a4 24. Ra3 Qc7 25. Qb5 Qc4 26. Qd7 Qc6 27. Qh3 {Hoping for d5.} Bf8 28. Be1 (28. d5 $17 Qe8 29. e5) 28... e6 $19 29. Ra2 a3 30. Qg3 Ra4 31. Qf2 Rc4 32. Qc2 {[#]} Bb4 $1 {[%cal Rb4c3][%mdl 512]} 33. Qb3 (33. cxb4 Rxc2) 33... Bxc3 34. Rxa3 Bxd4+ 35. Bf2 (35. Kh1 $142) 35... Bxf2+ 36. Kxf2 Qc5+ 37. Qe3 Rc2+ 38. Kg3 Qxe3 39. Rxe3 {[%mdl 4096] Endgame KRR-KRR} Rb2 40. Red3 Rcc2 41. Rg1 Rc7 42. Rgd1 Rcc2 43. Rg1 $1 Rd2 (43... b5 $19 {and Black stays clearly on top.} 44. Rd7 b6) 44. Rxd2 $17 Rxd2 {KR-KR} 45. Rc1 (45. Rb1 $142) 45... Rd7 (45... Rb2 $142 46. Rc7 g5 47. Rxb7 Kg7) 46. e5 (46. Rb1 $17 {keeps fighting.}) 46... Kf8 47. Rb1 Ke7 48. Rxb6 Kd8 49. Kf4 Kc7 50. Rb2 h6 {[%cal Bh7h6,Bh6h5][%mdl 32]} 51. Ke4 Rd5 52. f4 h5 53. g3 (53. Rc2+ $17 {might work better.} Kd7 54. g3) 53... b5 $19 54. h3 Kb6 55. g4 (55. Rb3 $142) 55... hxg4 56. hxg4 Rc5 57. Rd2 b4 58. Rd6+ (58. Rf2 $142 Rc4+ 59. Ke3) 58... Rc6 (58... Kb5 $142 59. Rd7 b3) 59. Rd8 Rc4+ 60. Ke3 Rc7 61. Kd3 $2 (61. Rb8+ Kc5 62. Kd3) 61... Kb5 62. Rb8+ Ka4 63. Kd4 Ka3 64. Kd3 b3 {[%cal Bb4b3,Bb3b2][%mdl 32]} 65. Rb6 Ka2 66. Rb8 b2 67. Ra8+ Kb1 68. Kd2 Rc4 69. f5 gxf5 70. gxf5 exf5 71. Ra7 Rc5 72. Rxf7 Rxe5 {Black mates.} 73. Ra7 Rd5+ 74. Ke2 Kc2 75. Rc7+ {[#]} Kb3 $1 76. Rb7+ Kc3 {Precision: White = 16%, Black = 76%.} 0-1

[Event "10th LCC FIDE Open 2018"]
[Site "London"]
[Date "2018.12.10"]
[Round "2"]
[White "McClement, Andrew"]
[Black "Elsness, Frode"]
[Result "1-0"]
[WhiteElo "2182"]
[BlackElo "2447"]
[Annotator "TA"]
[PlyCount "55"]
[EventDate "2018.12.09"]
[EventType "swiss"]
[EventCountry "ENG"]
[SourceTitle "playchess.com"]
[Source "ChessBase"]
[SourceQuality "1"]

{[%evp 16,55,-10,-18,-29,-62,-74,-70,-50,-44,-37,-50,-61,-190,-153,-177,-150,-179,-81,-91,-99,-141,-185,-180,-167,-305,-311,-307,-302,-292,-275,-349,-106,-120,0,0,764,803,29995,29996,29996,29997]} 1. Nf3 d5 2. c4 d4 3. g3 c5 4. Bg2 Nc6 5. O-O e5 6. d3 Nf6 {[%cal Bg8f6,Bf6g4,Bg4e3][%mdl 32]} 7. e3 Bd6 {A09: Réti Opening: 1 Nf3 d5 2 c4} (7... Be7 8. exd4 cxd4 9. Re1 Nd7 10. Na3 O-O 11. Nc2 a5 12. b3 f6 13. Nd2 Nc5 14. Ne4 Bf5 15. Nxc5 Bxc5 {½-½ (31) Radjabov,T (2741)-Harikrishna,P (2738) Palma de Mallorca 2017}) 8. exd4 cxd4 9. b4 {LiveBook: 3 Games} Nxb4 {[#]The position is equal.} 10. Nxe5 $1 {[%mdl 512]} Bxe5 $146 ({Predecessor:} 10... O-O 11. a3 Na6 12. Nf3 Nc5 13. Re1 {1-0 (35) Janczarski,M (2357)-Rogalski,K (1855) Milanowek 2012}) 11. Re1 Ng4 $1 12. h3 {[#]} Ne3 $1 {[%cal Re3d1][%mdl 512]} 13. Qa4+ {[%mdl 64] [#] Double Attack} (13. Bxe3 dxe3) 13... Nc6 $1 14. Ba3 (14. Bxc6+ $15 bxc6 15. Qxc6+ {[%mdl 64] Double Attack} Bd7 16. Qc5 (16. Qe4 O-O $17)) 14... f6 15. fxe3 Kf7 $36 {[%mdl 2048] Strongly threatening ...dxe3. Keeping White busy.} 16. Bd5+ Be6 (16... Kg6 $19 {And now ...Qc7 would win.} 17. Be4+ f5 18. Bxc6 dxe3) 17. Bxe6+ $17 Kxe6 18. Nd2 dxe3 $1 19. Rxe3 Kf7 20. Rb1 {[#]} (20. Ne4 {might work better.}) 20... Bd4 $1 $19 {[%cal Rd4e3]} 21. Rxb7+ Kg6 22. Qxc6 Bxe3+ 23. Kh1 Re8 $2 ({Don't take} 23... Qxd3 24. Qc7 $19) (23... Bxd2 $19 24. Qe4+ f5) 24. Rd7 $17 {[#]} Qa5 ({Black should try} 24... Qb6 $1 $17 {[%cal Rb6c6]} 25. Qd5 Qe6 26. Qxe6 Rxe6) 25. Qb7 $11 Bh6 $2 {[%mdl 8192]} ({Stronger than} 25... Qxd2 26. Rxg7+ Kh6 27. Rxh7+ Kg6 28. Qg7+ Kf5 29. Qg4+ Ke5 30. Qe4#) (25... Kh6 $11 26. Rxg7 Qf5) 26. Nf3 $18 {Intending Nh4+ and mate.} Qxa3 27. Nh4+ Kg5 28. Rxg7+ {Accuracy: White = 39%, Black = 52%.} 1-0

[Event "10th LCC FIDE Open 2018"]
[Site "London"]
[Date "2018.12.10"]
[Round "2"]
[White "Keetman, Maaike"]
[Black "Hebden, Mark L"]
[Result "1/2-1/2"]
[WhiteElo "2173"]
[BlackElo "2425"]
[Annotator "TA"]
[PlyCount "79"]
[EventDate "2018.12.09"]
[EventType "swiss"]
[EventCountry "ENG"]
[SourceTitle "playchess.com"]
[Source "ChessBase"]
[SourceQuality "1"]

{[%evp 21,79,46,30,0,0,-10,0,-15,51,40,48,0,27,-21,15,16,14,19,23,25,20,22,19,0,0,0,0,-33,-33,-34,10,4,12,0,8,12,22,20,45,39,64,52,91,40,101,107,99,106,133,133,133,133,126,128,122,35,38,38,39,8]} 1. e4 e5 2. Nf3 Nc6 3. Bb5 {[%cal Bf1b5,Bb5a4,Ba4b3][%mdl 32]} a6 4. Ba4 Nf6 5. O-O Be7 6. Re1 b5 7. Bb3 d6 8. c3 O-O 9. d4 Bg4 10. Be3 d5 11. exd5 exd4 {LiveBook: 50 Games. C91: Closed Ruy Lopez: 7...d6 8 c3 0-0 9 d4} 12. dxc6 (12. Bxd4 Nxd4 13. cxd4 Re8 14. h3 Bxf3 15. Qxf3 Bd6 16. Nc3 Rxe1+ 17. Rxe1 g6 18. a4 Rb8 19. axb5 axb5 20. Ne4 Nxe4 21. Qxe4 Qf6 {½-½ (21) Stevic,H (2614)-Brkic,A (2564) Otocac 2010}) 12... dxe3 13. Rxe3 {aiming for Qxd8.} Bc5 {The position is equal.} 14. Re1 Qc8 $146 ({Black should play} 14... Qb8 $11) ({Predecessor:} 14... Qb8 15. Qd3 Qb6 16. Nd4 Rad8 17. Nd2 Bxd4 18. cxd4 Rxd4 19. Qe3 {0-1 (32) Elseth,R (2295)-Iskov,G (2325) Gausdal 1986}) 15. Nbd2 $14 Qf5 16. Bc2 Qf4 17. Ne4 Rfd8 18. Qc1 Qxc1 19. Raxc1 Nxe4 20. Bxe4 f5 21. Bxf5 Bxf3 $1 22. gxf3 (22. b4 {seems wilder.} Bxf2+ 23. Kxf2 Bxc6 24. Be6+ Kh8 25. Rc2) 22... Rd2 {[%mdl 64] [#] Double Attack} 23. Rf1 Rxb2 24. Rc2 Rxc2 25. Bxc2 $15 {[%mdl 4096] Endgame KRB-KRB} Re8 26. Rd1 g6 27. Bb3+ Kh8 28. Rd7 Bb6 29. Kf1 Rf8 30. Kg2 Rf5 31. Bd5 h5 32. h4 (32. Kg3 $16) 32... Ba5 {[#]} (32... Rf6 $14) 33. c4 $1 $16 bxc4 34. Bxc4 Rf4 35. Bxa6 Rxh4 36. Bd3 Ra4 37. Bxg6 Rxa2 38. Bxh5 (38. Kg3 $16) 38... Rc2 $1 $14 39. Be8 Rxc6 40. Rh7+ {Accuracy: White = 43%, Black = 46%.} 1/2-1/2

[Event "10th LCC FIDE Open 2018"]
[Site "London"]
[Date "2018.12.10"]
[Round "2"]
[White "Eames, Robert S"]
[Black "Piesik, Piotr"]
[Result "0-1"]
[WhiteElo "2167"]
[BlackElo "2404"]
[Annotator "TA"]
[PlyCount "59"]
[EventDate "2018.12.09"]
[EventType "swiss"]
[EventCountry "ENG"]
[SourceTitle "playchess.com"]
[Source "ChessBase"]
[SourceQuality "1"]

{[%evp 18,59,72,72,56,44,48,45,69,62,83,54,70,32,52,47,47,-34,-44,-40,-32,-32,-7,-670,-658,-3073,-2717,-29986,-2417,-2417,-2341,-2341,-2294,-29979,-29979,-29985,-2439,-2055,-1143,-5157,-4128,-3142,-2396,-29984]} 1. d4 g6 2. e4 Bg7 3. c4 d6 4. Nc3 Nc6 5. Be3 e5 6. d5 Nd4 7. Nge2 Nxe2 8. Bxe2 Nf6 9. O-O O-O 10. c5 {LiveBook: 3 Games} Ne8 {A42: Modern Defence: Averbakh Variation} 11. Qd2 f5 12. f3 f4 {White is slightly better.} 13. Bf2 h5 $146 ({Predecessor:} 13... Rf7 14. Rac1 Bf8 15. Nb5 a6 16. Na3 h5 17. cxd6 Bxd6 18. Nc4 {0-1 (58) Aczel,G (2532)-Pacher,M (2446) Budapest 2017}) 14. Rfc1 g5 15. Nb5 g4 16. cxd6 cxd6 17. Nxa7 ({But not} 17. Bxa7 Bd7 $15) (17. Qb4 $14) 17... g3 $1 $15 {[%cal Rg3f2]} 18. hxg3 {[%mdl 64] Overworked Piece} fxg3 19. Be3 Bd7 {Strongly threatening ...Qh4.} 20. Qb4 $2 {[%mdl 8192]} (20. Bg5 $11 Nf6 21. Nc6 bxc6 22. dxc6) 20... Qh4 $19 21. Qxb7 {[#]} Bh6 $1 {[%mdl 512]} 22. Qb3 {[#]} (22. Bxh6 Qh2+) 22... Qh2+ (22... Rb8 $142 $1 {[%mdl 512]} 23. Nb5 (23. Qxb8 Bxe3+) 23... Rxb5 $1 {[%mdl 512]} 24. Bd4 Rxb3 25. Kf1 Rbxf3+ $1 {[%mdl 576] Back Rank} 26. gxf3 Qh1+ 27. Bg1 Bh3+ 28. Ke1 Qxg1+ 29. Bf1 Qxf1#) 23. Kf1 Qh1+ 24. Bg1 Rxa7 25. Rc3 h4 {[%cal Bh5h4,Bh4h3,Bh3h2][%mdl 32]} 26. f4 Bxf4 (26... Rxf4+ $142 27. Bf3 h3 28. gxh3 {[#]} Bc8 $1 {[%mdl 512]} 29. Qb5 Ba6 30. Ke1 Bxb5 31. Kd1 Rxf3 32. Kc2 Ba4+ 33. b3 Qg2+ 34. Bf2 Qxf2+ 35. Kb1 Rxc3 36. bxa4 Qc2#) 27. Bf3 {Black is clearly winning.} Nc7 28. Rc6 h3 29. Ke2 h2 30. Rcc1 {Accuracy: White = 18%, Black = 63%.} 0-1